Dynamics of structures: theory and applications to earthquake engineering
Furkejuvvon:
| Váldodahkki: | |
|---|---|
| Materiálatiipa: | Girji |
| Giella: | eaŋgalasgiella |
| Almmustuhtton: |
Hoboken
Pearson Education Inc
2017
|
| Preanttus: | 5a. ed |
| Fáttát: | |
| Fáddágilkorat: |
Lasit fáddágilkoriid
Eai fáddágilkorat, Lasit vuosttaš fáddágilkora!
|
MARC
| LEADER | 00000cam a2200000 a 4500 | ||
|---|---|---|---|
| 001 | UCC4906 | ||
| 003 | CL-VaPUC | ||
| 008 | 180831e20170000us |||||||||||||||||eng|d | ||
| 020 | |a 9780134555126 | ||
| 082 | 0 | 4 | |a 624.1762 |b CHO |2 21 |
| 100 | 0 | |a Chopra, Anil K |e author |9 599132 | |
| 245 | 1 | 0 | |a Dynamics of structures: theory and applications to earthquake engineering |
| 250 | |a 5a. ed | ||
| 300 | |a 960 p | ||
| 942 | |c BK | ||
| 945 | |d 20180831 12:04:00 |a dcastane | ||
| 260 | |a Hoboken |b Pearson Education Inc |c 2017 | ||
| 650 | 0 | |a Ingeniería sísmica |9 262652 | |
| 650 | 0 | |a Dinámica estructural |9 260388 | |
| 650 | 0 | |a Diseño estructural |9 498280 | |
| 650 | 0 | |a Edificios |9 260501 | |
| 583 | |a last modification |c 20180831 12:04:00 |k Rodrigo Vera | ||
| 999 | |c 372291 |d 372289 | ||
| 952 | |0 0 |1 0 |3 erd |4 0 |6 624_176200000000000_CHO_2017 |7 0 |8 A |9 489639 |a BIBING |b BIBING |i 5493455 |l 2 |o 624.1762 CHO 2017 |p 5493455 |r 2025-01-20 |s 2023-09-28 |w 2019-11-24 |y BK |z Catalogado en:20180831 |k CIC | ||
| 952 | |0 0 |1 0 |3 erd |4 0 |6 624_176200000000000_CHO_2017 |7 0 |8 A |9 489640 |a BIBING |b BIBING |i 5493447 |o 624.1762 CHO 2017 |p 5493447 |r 2025-01-20 |w 2019-11-24 |y BK |z Catalogado en:20180831 |k CIC | ||
| 952 | |0 0 |1 0 |3 erd |4 0 |6 624_176200000000000_CHO_2017 |7 0 |8 A |9 489641 |a BIBING |b BIBING |i 5493439 |o 624.1762 CHO 2017 |p 5493439 |r 2025-01-20 |w 2019-11-24 |y BK |z Catalogado en:20180831 |k CIC | ||